Finanzas para la formacin̤ del contador pb︢lico Un enfoque analt̕ico-prc̀tico /

Detalles Bibliográficos
Autor principal: Arias Bello, Martha Liliana
Otros Autores: Sǹchez Serna, Aracely
Formato: eBook
Lenguaje:español
Publicado: Bogot:̀ Pontificia Universidad Javeriana, 2019
Materias:
Acceso en línea:Acceso restringido

MARC

LEADER 00000nam a22000007a 4500
005 20201215221727.0
007 cr|||| ||||
008 201215s2019 co |||||s|||| 00||0 spa d
020 |a 978-958-781-429-3 
035 |a 32373 
040 |a vLex 
090 |c 10953  |d 10953 
100 1 |a Arias Bello, Martha Liliana 
245 1 0 |a Finanzas para la formacin̤ del contador pb︢lico  |h [Recurso electrn̤ico] :  |b Un enfoque analt̕ico-prc̀tico /  |c Martha Liliana Arias Bello, Aracely Sǹchez Serna 
256 |a Servicio en ln̕ea 
260 |a Bogot:̀  |b Pontificia Universidad Javeriana,  |c 2019 
300 |a 1 recurso electrn̤ico 
500 |a El props̤ito de este libro es generar un texto gua̕ para el estudio de las finanzas desde un enfoque conceptual, analt̕ico y prc̀tico de los temas relevantes de la gestin̤ financiera, adems̀ de ser un aporte a las exigencias de formacin̤. El texto se compone de ocho capt̕ulos: en los siete primeros se presenta una aplicacin̤ prc̀tica-analt̕ica y en el octavo una aplicacin̤ conceptual-analt̕ica de las finanzas. De esta manera, la iniciativa de este libro se sustenta en la interdisciplinariedad como un requerimiento fundamental para la formacin̤ y el ejercicio del profesional contable. 
506 1 |a Disponible solo en los productos indicados  |d vLex Global  |d vLex Global (Academic Edition, excluding Law Schools)  |d vLex Global (U.S. Academic Edition, Law Schools)  |d vLex Global (U.S. Academic Edition, excluding Law Schools)  |d vLex Global (Academic Edition, Law Schools) 
650 0 4 |a Economa̕ y negocios  |z Colombia 
650 0 4 |a Contabilidad  |z Colombia 
650 0 4 |a Banca y finanzas  |z Colombia 
650 0 4 |a Ciencias sociales  |z Colombia 
650 0 4 |a Humanidades  |z Colombia 
700 1 |a Sǹchez Serna, Aracely 
740 0 |a vLex Libros (Servicio en ln̕ea) 
856 4 0 |u http://vlex.com/source/finanzas-para-la-formacion-del-contador-publico-un-enfoque-analitico-practico-32373  |z Acceso restringido 
942 |c BOOK 
999 0 |a Economy and business 
999 0 |a Accounting 
999 0 |a Banking and finance 
999 0 |a Social Sciences 
999 0 |a Humanities